000
00452nam a22001337a 4500
003
SGT
020
_a
9789389598674
082
_a
080
_b
R20P
100
_a
पुष्पमित्र
245
_a
रुकतापुर : बिहार जहाँ थम जाता है पहिया बदलाव की हर गाड़ी का
260
_b
राजकमल प्रकाशन
_c
2020
300
_a
231
942
_2
ddc
_c
BK
999
_c
31541
_d
31541